000 00676nam a2200265Ia 4500
008 180523s9999 xx 000 0 und d
020 _a0-07-125509-5
050 _aMAIN P 90
050 _b.B37 2006
100 _aBaran, Stanley J.
245 0 _aIntroduction to mass communication :
245 0 _bmedia literacy and culture /
245 0 _cStanley J. Baran.
250 _a4th Edition
260 _aBoston :
260 _bMcGraw-Hill,
260 _c2006
300 _a523 pages :
300 _billustrations ;
300 _c26 cm.
500 _aIncludes index.
650 _aMass media.
650 _aMedia literacy.
650 _xMass media and culture.
999 _c357339
_d357339